00406 a2200133 4500003000500000005001700005040000900022082001100031245004300042440004300085538002100128999001900149952010400168Nust20170207154227.0 cNust a371.33 aBasic Digital Logic Elements (VHS-425) aBasic Digital Logic Elements (VHS-425) aDuration Mins 68 c195661d195661 00102ddc40708NFICaMCSbMCSd2016-12-12l0o371.33 BASpMCSVHS-425r2016-12-08w2016-12-12yBK